Reliability issues for DoD systems (Record no. 57537)
[ view plain ]
| 000 -LEADER | |
|---|---|
| fixed length control field | 01656nam a22003611a 4500 |
| 082 04 - DEWEY DECIMAL CLASSIFICATION NUMBER | |
| Classification number | 355.6/212/0973 |
| 245 00 - TITLE STATEMENT | |
| Title | Reliability issues for DoD systems |
| 260 ## - PUBLICATION, DISTRIBUTION, ETC. (IMPRINT) | |
| Place of publication | Washington, D.C. : |
| Name of publisher | National Academies Press, |
| Year of publication | c2002. |
| 300 ## - PHYSICAL DESCRIPTION | |
| Number of Pages | ix, 94 p. |
| 500 ## - GENERAL NOTE | |
| General note | "Division of Behavioral and Social Sciences and Education, National Research Council of the National Academies." |
| 650 #0 - SUBJECT ADDED ENTRY--TOPICAL TERM | |
| Topical Term | Reliability (Engineering) |
| Topical Term | Computer programs |
| 700 1# - ADDED ENTRY--PERSONAL NAME | |
| Personal name | Samaniego, Francisco. |
| Personal name | Cohen, Michael L. |
| 856 40 - ELECTRONIC LOCATION AND ACCESS | |
| Uniform Resource Identifier | http://site.ebrary.com/lib/rucke/Doc?id=10038592 |
No items available.
